The Holy Bible containing the Old and New Testament , the New King James Version : (Record no. 1003)

MARC details
000 -LEADER
fixed length control field 01140cam a2200253 a 4500
001 - CONTROL NUMBER
control field 1216002
003 - CONTROL NUMBER IDENTIFIER
control field GBCCL
005 - DATE AND TIME OF LATEST TRANSACTION
control field 20251127141100.0
008 - FIXED-LENGTH DATA ELEMENTS--GENERAL INFORMATION
fixed length control field 990323s1997 tnuab 001 0 eng
040 ## - CATALOGING SOURCE
Original cataloging agency DLC
Transcribing agency DLC
Modifying agency DLC
082 00 - DEWEY DECIMAL CLASSIFICATION NUMBER
Classification number 220.5208
Edition information 21
Item number BIB
245 14 - TITLE STATEMENT
Title The Holy Bible containing the Old and New Testament , the New King James Version :
Remainder of title The Open Bible
250 ## - EDITION STATEMENT
Edition statement expanded edition
260 ## - PUBLICATION, DISTRIBUTION, ETC.
Place of publication, distribution, etc. Nashville :
Name of publisher, distributor, etc. Thomas Nelson Publishers,
Date of publication, distribution, etc. c1985.
300 ## - PHYSICAL DESCRIPTION
Extent 325, 1404, 64 p. :
Other physical details ill., maps (some col.) ;
Dimensions 24 cm.
500 ## - GENERAL NOTE
General note " with read-along references and read-along translations, biblical cyclopedic index, including 300 word studies, the Christian's guide to the new life, book introductions and outlines, visual survey of the Bible, special study aids".
500 ## - GENERAL NOTE
General note Includes index.
630 00 - SUBJECT ADDED ENTRY--UNIFORM TITLE
Uniform title Bible
General subdivision Reference editions.
9 (RLIN) 1669
710 2# - ADDED ENTRY--CORPORATE NAME
Corporate name or jurisdiction name as entry element Thomas Nelson Publishers.
9 (RLIN) 1670
856 42 - ELECTRONIC LOCATION AND ACCESS
Materials specified Publisher description
Uniform Resource Identifier <a href="http://www.loc.gov/catdir/enhancements/fy0609/99187555-d.html">http://www.loc.gov/catdir/enhancements/fy0609/99187555-d.html</a>
906 ## - LOCAL DATA ELEMENT F, LDF (RLIN)
a 7
b cbc
c orignew
d 2
e ncip
f 19
g y-gencatlg
942 ## - ADDED ENTRY ELEMENTS (KOHA)
Source of classification or shelving scheme Dewey Decimal Classification
Koha item type Reference Books
Holdings
Withdrawn status Lost status Source of classification or shelving scheme Damaged status Not for loan Home library Current Library Shelving location Date acquired Total checkouts Full call number Barcode Date last seen Copy number Price effective from Koha item type
    Dewey Decimal Classification     GRACE BIBLE COLLEGE GRACE BIBLE COLLEGE Bible 2017-04-03   220.5208 BIB 013981 2025-05-01 c.1 2017-04-03 Reference Books
    Dewey Decimal Classification     GRACE BIBLE COLLEGE GRACE BIBLE COLLEGE Bible 2023-01-16   220.5208 BIB 020360 2025-05-01 c.2 2023-01-16 Reference Books
© Grace Bible College Library 2025